• 首页
  • 本馆介绍
  • 公告通知
  • 最新文献
  • 馆藏检索
  • 电子资源
  • 读者导购
  • 参考咨询
  • 我的图书馆
  • 登录
  • 详细信息显示
  • 放入我的书架
  • 预约/预借图书
  • 作者相关作品
  • 分类相关作品
  • 丛书相关作品
  • 出版社相关作品

书目信息

  • 表格格式
  • 工作单格式
  • 卡片格式
题名:
金瓶梅俚语俗谚
    
 
作者: 李布青 著
分册:  
出版信息: 北京   宝文堂书店  
页数: 210页
开本: 19厘米
丛书名:
单 册:
中图分类: I207.41
科图分类: 44.565
主题词: 俚语-《金瓶梅》--解释
电子资源:
ISBN: 7-80030-046-3
000 00870nam0 2200277 45
001 0189009863
005 20040419104450.4
010    @a7-80030-046-3@dCNY2.95
020    @aCN@b89009863
100    @a19901121d1988 m y0chiy0120 ea
101 0  @achi
102    @aCN@b110000
105    @ay z 000yy
106    @ar
200 10 @a金瓶梅俚语俗谚@Ajin ping mei li yu su yan@f李布青著@Fli bu qing zhu
210    @a北京@c宝文堂书店@c1988.10
215    @a210页@d19厘米
330    @a本书注释了《金瓶梅》全书的俚语俗谚,征引完整,注文简明。附有音序、笔划两种索引,便于查检。
540 1  @a金瓶梅 俚语 俗谚@Ajin ping mei li yu su yan
605    @a《金瓶梅》-俚语@x解释
606    @a俚语-《金瓶梅》@x解释
690    @aI207.41@v1980
692    @a44.565@v1974
701  0 @a李布青@Ali bu qing@4著
801  0 @aCN@bNLC@c19901121
905    @f2@b218408-409@dI207.41@e226
    
    金瓶梅俚语俗谚/李布青著.-北京:宝文堂书店:1988.10
    210页;19厘米
    
    
    ISBN 7-80030-046-3:CNY2.95
    本书注释了《金瓶梅》全书的俚语俗谚,征引完整,注文简明。附有音序、笔划两种索引,便于查检。
●
相关链接 在E读中查询图书 在五车中查询图书 在当当中查询图书 在豆瓣中查询图书


正题名:金瓶梅俚语俗谚     索取号:I207.41/226         预约/预借

序号 登录号 条形码 馆藏地/架位号 状态 备注
1 0218408   000045230   密集书库/ [索取号:I207.41/226] 在馆    
2 0218409   000045178   第二借阅区/ [索取号:I207.41/226] 在馆    
3 0218410   000045249   第一样本阅览室/ [索取号:I207.41/226] 在馆    
唐山师范学院图书馆 欢迎您!
大连网信软件有限公司© 版权所有